000 00314nam a22001337a 4500
008 170628b xxu||||| |||| 00| 0 eng d
020 _a9780312301941
041 _aeng
080 _a94
100 _a18
101 _aSHH
245 _aSECURITY POLICING YOUR HOMELAND HISTORY
_cWHITMAN.E
942 _2udc
_cBK
999 _c19421
_d19421